Место России на мировом рынке труда; Актуальные проблемы гуманитарных наук

Détails bibliographiques
Parent link:Актуальные проблемы гуманитарных наук.— 2013.— [С. 205-207]
Auteur principal: Садырева В. М.
Résumé:Заглавие с экрана
Langue:russe
Publié: 2013
Collection:Таможенное дело: история, теория, современная практика
Sujets:
Accès en ligne:http://www.lib.tpu.ru/fulltext/c/2013/C20/097.pdf
Format: Électronique Chapitre de livre
KOHA link:https://koha.lib.tpu.ru/cgi-bin/koha/opac-detail.pl?biblionumber=240136

MARC

LEADER 00000naa2a2200000 4500
001 240136
005 20251208144905.0
035 |a (RuTPU)RU\TPU\book\261384 
035 |a RU\TPU\book\261374 
090 |a 240136 
100 |a 20130619d2013 k y0rusy50 ca 
101 0 |a rus 
102 |a RU 
135 |a drcn ---uucaa 
181 0 |a i  
182 0 |a b 
200 1 |a Место России на мировом рынке труда  |f В. М. Садырева 
203 |a Текст  |c электронный 
215 |a 1 файл(317 Кб) 
225 1 |a Таможенное дело: история, теория, современная практика 
300 |a Заглавие с экрана 
320 |a [Библиогр.: с. 207 (7 назв.)] 
337 |a Adobe Reader 
463 1 |0 (RuTPU)RU\TPU\book\259431  |t Актуальные проблемы гуманитарных наук  |o сборник научных трудов ХII Международной научно-практической конференции студентов, аспирантов и молодых ученых 3-6 апреля 2013 г., г. Томск  |f Национальный исследовательский Томский политехнический университет (ТПУ)  |v [С. 205-207]  |d 2013 
610 1 |a электронный ресурс 
610 1 |a труды учёных ТПУ 
610 1 |a мировой рынок 
610 1 |a рынок труда 
610 1 |a мировое пространство 
610 1 |a Россия 
700 1 |a Садырева  |b В. М. 
801 1 |a RU  |b 63413507  |c 20101016 
801 2 |a RU  |b 63413507  |c 20130619  |g RCR 
856 4 |u http://www.lib.tpu.ru/fulltext/c/2013/C20/097.pdf 
942 |c CF